<?xml version="1.0" encoding="UTF-8"?>
<record
    xmlns:xsi="http://www.w3.org/2001/XMLSchema-instance"
    xsi:schemaLocation="http://www.loc.gov/MARC21/slim http://www.loc.gov/standards/marcxml/schema/MARC21slim.xsd"
    xmlns="http://www.loc.gov/MARC21/slim">

  <leader>00696nam a22001457a 4500</leader>
  <datafield tag="999" ind1=" " ind2=" ">
    <subfield code="c">525618</subfield>
    <subfield code="d">525618</subfield>
  </datafield>
  <controlfield tag="008">240328b           ||||| |||| 00| 0 eng d</controlfield>
  <datafield tag="100" ind1=" " ind2=" ">
    <subfield code="a">Mani, Shambhavi </subfield>
    <subfield code="9">44308</subfield>
  </datafield>
  <datafield tag="245" ind1=" " ind2=" ">
    <subfield code="a">Sangit Kumar Ragi, the puritan is political: Mapping Islamic radicalism</subfield>
  </datafield>
  <datafield tag="260" ind1=" " ind2=" ">
    <subfield code="a">Indian Journal of Public Administration </subfield>
  </datafield>
  <datafield tag="300" ind1=" " ind2=" ">
    <subfield code="a">70(1), Mar, 2024: p.223-225</subfield>
  </datafield>
  <datafield tag="520" ind1=" " ind2=" ">
    <subfield code="a">Sangit Kumar Ragi, The Puritan Is Political: Mapping Islamic Radicalism. Vitasta Publications, 2023, 441 pp., $29.99 (Hardcover). ISBN: 9789390961733. &#x2013; Reproduced 

https://journals.sagepub.com/doi/full/10.1177/00195561231204602
</subfield>
  </datafield>
  <datafield tag="773" ind1=" " ind2=" ">
    <subfield code="a">Indian Journal of Public Administration </subfield>
  </datafield>
  <datafield tag="906" ind1=" " ind2=" ">
    <subfield code="a">BOOK REVIEW </subfield>
  </datafield>
  <datafield tag="942" ind1=" " ind2=" ">
    <subfield code="c">AR</subfield>
  </datafield>
  <datafield tag="952" ind1=" " ind2=" ">
    <subfield code="0">0</subfield>
    <subfield code="1">0</subfield>
    <subfield code="2">ddc</subfield>
    <subfield code="4">0</subfield>
    <subfield code="7">0</subfield>
    <subfield code="9">400676</subfield>
    <subfield code="a">IIPA</subfield>
    <subfield code="b">IIPA</subfield>
    <subfield code="d">2024-03-28</subfield>
    <subfield code="h">70(1), Mar, 2024: p.223-225</subfield>
    <subfield code="p">AR131414</subfield>
    <subfield code="r">2024-03-28</subfield>
    <subfield code="y">AR</subfield>
  </datafield>
</record>
